| 000 | 00934nam a2200217 a 4500 | ||
|---|---|---|---|
| 001 | 78609 | ||
| 003 | BD-RjUL | ||
| 005 | 20211209083140.0 | ||
| 008 | 211020s1958 su ||||| |||| 00| 0 ara d | ||
| 035 | _a(BD-RjUL)78835 | ||
| 040 |
_aBD-RjUL _beng _cBD-RjUL _dBD-RjUL |
||
| 041 | _aara | ||
| 082 |
_223 _a946.8 _bABM 1958 |
||
| 100 | 1 | 0 |
_a العبادي، أحمد مختار ;; Al-Abadi, Ahmed Mukhtar _9249198 |
| 245 | 1 | 0 |
_amushahadat lisan aldiyn bn alkhataab fi bilad almaghrib wal'andalus ;; مشاهدات لسان الدين بن الخطيب في بلاد المغرب والأندلس : مجموعة من رسائله _c أحمد مختار العبادي ;; Ahmad Mukhtar Ahmad Mukhtar Al-Abadi Al-Abadi |
| 260 |
_aمصر : _bلإسكندرية I, _c1958[1378] |
||
| 300 |
_a180.p. ; _c22 cm |
||
| 490 |
_aكلية الادب المطبوع رقم ; _v١٢ |
||
| 650 |
_aAndalus _vHistory _9249199 |
||
| 942 |
_2ddc _cBK |
||
| 999 |
_c78609 _d78609 |
||